| 000 | 00738nam a2200241 i 4500 | ||
|---|---|---|---|
| 001 | 82144 | ||
| 003 | ES-MaACL | ||
| 005 | 20250727062600.0 | ||
| 007 | t| | ||
| 008 | 041125s1965 sp ||||1| spa d | ||
| 020 | _a84-239-2447-5 | ||
| 100 | 1 |
_aQuintanilla, Miguel A. ( _d1945-) _994700 |
|
| 245 | 1 | 3 |
_aLa utopía racional / _cMiguel Angel Quintanilla y Ramón Vargas-Machuca. |
| 260 |
_aMadrid : _bEspasa-Calpe, _c1989. |
||
| 300 |
_a230 p. ; _c24 cm. |
||
| 490 | 1 | _aEspasa mañana. Ensayo | |
| 500 | _3Bibliografía | ||
| 650 | 1 | 7 |
_aSocialismo _2embne _917147 |
| 700 | 1 |
_aVargas-Machuca Ortega, Ramón. _9113208 |
|
| 830 | 0 |
_aEspasa mañana. Ensayo _9180517 |
|
| 852 |
_aES-MaACL _jE-10487 _bR.134610 |
||
| 999 |
_c82144 _d82144 |
||